000 00332 a2200157 4500
001 75879
020 _a8534906173
040 _cAnchieta - Colégio São Paulo
100 _aBelinky, Tatiana
240 1 0 _aRapunzel
_lpor
245 1 0 _aRapunzel
300 _a[16]
362 0 _a2005
650 4 _aLiteratura infantil
942 _cBK
999 _c75879
_d75879